Análisis financiero de proyectos de riego utilizando aguas subterráneas: estudio preliminar

محفوظ في:
التفاصيل البيبلوغرافية
المؤلف الرئيسي: Cordero Calderón, Mario Humberto
التنسيق: كتاب
منشور في: [San José , Costa Rica] 1983
الموضوعات:
الوسوم: إضافة وسم
لا توجد وسوم, كن أول من يضع وسما على هذه التسجيلة!

MARC

LEADER 00000nam a2200000Ia 4500
003 002480
005 20221231144409.0
008 140114s1983 c a m 000 ||s d
040 |c cru CEDI 
090 |a TFG 1537 
100 |a Cordero Calderón, Mario Humberto  |9 14865 
245 |a Análisis financiero de proyectos de riego utilizando aguas subterráneas: estudio preliminar 
260 |c 1983  |a [San José , Costa Rica] 
300 |a 2 volúmenes  
500 |a  Práctica dirigida (bachiller en ingeniería agrícola)--Universidad de Costa Rica.Carrera de Ingeniería Agrícola 
650 |x RIEGO - ASPECTOS ECONOMICOS - GUANACASTE (COSTA RICA)  |9 14866 
942 |c TFG 
999 |c 21285  |d 21285